[Event "WCO 2016"]
[Site "?"]
[Date "2016.09.13"]
[Round "11"]
[Board "20"]
[WhiteID "5016193"]
[White "Soumya Swaminathan"]
[BlackID "322750"]
[Black "Nemcova Katerina"]
[Result "1/2-1/2"]
[BlackElo "2365"]
[WhiteElo "2379"]
[LiveChessVersion "1.4.8"]

1. e4 {[%clk 1:30:56]} e5 {[%clk 1:30:51]} 2. Nf3 {[%clk 1:26:40]} Nc6
{[%clk 1:31:12]} 3. Bb5 {[%clk 1:26:33]} a6 {[%clk 1:31:25]} 4. Ba4
{[%clk 1:26:38]} Nf6 {[%clk 1:31:45]} 5. O-O {[%clk 1:26:37]} Be7
{[%clk 1:32:06]} 6. d3 {[%clk 1:26:53]} b5 {[%clk 1:27:51]} 7. Bb3
{[%clk 1:27:19]} d6 {[%clk 1:27:56]} 8. a4 {[%clk 1:27:15]} Bd7 {[%clk 1:27:14]}
9. c3 {[%clk 1:21:33]} Na5 {[%clk 1:26:57]} 10. Bc2 {[%clk 1:21:29]} c5
{[%clk 1:27:14]} 11. Nbd2 {[%clk 1:19:12]} O-O {[%clk 1:26:57]} 12. Re1
{[%clk 1:18:32]} Qb8 {[%clk 1:18:17]} 13. h3 {[%clk 1:02:45]} Re8
{[%clk 1:10:37]} 14. d4 {[%clk 0:55:32]} h6 {[%clk 0:58:14]} 15. Nf1
{[%clk 0:47:19]} Bf8 {[%clk 0:52:19]} 16. Ng3 {[%clk 0:42:53]} g6
{[%clk 0:48:34]} 17. d5 {[%clk 0:39:04]} Bg7 {[%clk 0:46:26]} 18. axb5
{[%clk 0:38:28]} axb5 {[%clk 0:45:23]} 19. b3 {[%clk 0:38:46]} Qc7
{[%clk 0:38:02]} 20. Be3 {[%clk 0:37:38]} Kh7 {[%clk 0:36:58]} 21. Nd2
{[%clk 0:33:15]} Nb7 {[%clk 0:32:10]} 22. Qe2 {[%clk 0:27:55]} Ra5
{[%clk 0:30:40]} 23. Bd3 {[%clk 0:26:01]} Rxa1 {[%clk 0:19:30]} 24. Rxa1
{[%clk 0:26:28]} b4 {[%clk 0:19:27]} 25. cxb4 {[%clk 0:24:24]} cxb4
{[%clk 0:10:53]} 26. Ra7 {[%clk 0:24:51]} Qb8 {[%clk 0:10:21]} 27. Nc4
{[%clk 0:24:27]} Nc5 {[%clk 0:08:00]} 28. Bxc5 {[%clk 0:24:45]} dxc5
{[%clk 0:08:26]} 29. Qa2 {[%clk 0:25:04]} Kg8 {[%clk 0:06:59]} 30. Qa6
{[%clk 0:17:29]} Bb5 {[%clk 0:06:01]} 31. Qb7 {[%clk 0:17:55]} Qxb7
{[%clk 0:03:44]} 32. Rxb7 {[%clk 0:18:22]} Bxc4 {[%clk 0:02:40]} 33. Bxc4
{[%clk 0:18:49]} Rd8 {[%clk 0:01:59]} 34. Ra7 {[%clk 0:15:54]} Ne8
{[%clk 0:01:04]} 35. Nf1 {[%clk 0:15:39]} Nd6 {[%clk 0:01:24]} 36. Bd3
{[%clk 0:12:40]} Bf8 {[%clk 0:01:11]} 37. Ne3 {[%clk 0:11:53]} h5
{[%clk 0:01:24]} 38. Ra5 {[%clk 0:10:06]} Rc8 {[%clk 0:01:19]} 39. Ra6
{[%clk 0:10:25]} Rd8 {[%clk 0:01:05]} 40. Kf1 {[%clk 0:35:32]} Be7
{[%clk 0:31:07]} 41. Ke2 {[%clk 0:28:41]} f6 {[%clk 0:24:24]} 42. f3
{[%clk 0:24:12]} Kf7 {[%clk 0:22:09]} 43. Nc4 {[%clk 0:12:26]} Nxc4
{[%clk 0:21:32]} 44. Bxc4 {[%clk 0:12:53]} Kf8 {[%clk 0:20:13]} 45. Kd3
{[%clk 0:12:21]} h4 {[%clk 0:13:34]} 46. Bb5 {[%clk 0:12:22]} Rd6
{[%clk 0:12:36]} 47. Ra8+ {[%clk 0:11:56]} Kg7 {[%clk 0:12:09]} 48. Ra7
{[%clk 0:09:47]} Kf8 {[%clk 0:12:19]} 49. Kc4 {[%clk 0:09:02]} f5
{[%clk 0:11:58]} 50. Bd7 {[%clk 0:04:16]} fxe4 {[%clk 0:10:52]} 51. fxe4
{[%clk 0:04:43]} Rf6 {[%clk 0:07:59]} 52. Be6 {[%clk 0:03:13]} Rf4
{[%clk 0:07:45]} 53. d6 {[%clk 0:02:44]} Bxd6 {[%clk 0:06:58]} 54. Kd5
{[%clk 0:03:13]} Be7 {[%clk 0:07:06]} 55. Kxe5 {[%clk 0:03:40]} Rf2
{[%clk 0:06:47]} 56. Ra8+ {[%clk 0:03:42]} Kg7 {[%clk 0:07:12]} 57. Ra7
{[%clk 0:04:07]} Kf8 {[%clk 0:07:24]} 58. Bd5 {[%clk 0:02:00]} Bg5
{[%clk 0:06:18]} 59. Kd6 {[%clk 0:01:37]} Rf6+ {[%clk 0:04:27]} 60. Be6
{[%clk 0:01:53]} Rf2 {[%clk 0:03:01]} 61. e5 {[%clk 0:01:57]} Rxg2
{[%clk 0:02:23]} 62. Rf7+ {[%clk 0:02:25]} Ke8 {[%clk 0:02:45]} 63. Rh7
{[%clk 0:02:02]} Kf8 {[%clk 0:02:54]} 64. Rf7+ {[%clk 0:02:29]} Ke8
{[%clk 0:03:22]} 65. Bd5 {[%clk 0:01:24]} Rd2 {[%clk 0:03:33]} 66. Rg7
{[%clk 0:01:16]} Bh6 {[%clk 0:03:26]} 67. Rxg6 {[%clk 0:01:25]} Bf8+
{[%clk 0:03:09]} 68. Ke6 {[%clk 0:01:51]} Rf2 {[%clk 0:02:53]} 69. Bc6+
{[%clk 0:00:38]} Kd8 {[%clk 0:03:17]} 70. Bb5 {[%clk 0:00:32]} Be7
{[%clk 0:02:52]} 71. Rg8+ {[%clk 0:00:37]} Bf8 {[%clk 0:02:02]} 72. Bd3
{[%clk 0:01:05]} Kc7 {[%clk 0:01:23]} 73. Bf5 {[%clk 0:01:33]} Bh6
{[%clk 0:01:38]} 74. Kf6 {[%clk 0:01:33]} Be3 {[%clk 0:01:18]} 75. e6
{[%clk 0:01:28]} Bd4+ 76. Kg6 {[%clk 0:01:54]} Kd6 {[%clk 0:01:33]} 77. Rd8+
{[%clk 0:02:12]} Ke7 {[%clk 0:01:51]} 78. Rd7+ {[%clk 0:02:37]} Ke8
{[%clk 0:02:08]} 79. Rb7 {[%clk 0:02:08]} Re2 {[%clk 0:02:03]} 80. Kg5
{[%clk 0:01:37]} Re5 {[%clk 0:01:59]} 81. Kf4 {[%clk 0:01:50]} Re3
{[%clk 0:01:30]} 82. Bg6+ {[%clk 0:01:31]} Kf8 {[%clk 0:01:04]} 83. Be4
{[%clk 0:01:55]} Re1 {[%clk 0:01:15]} 84. e7+ {[%clk 0:02:19]} Kf7
{[%clk 0:01:15]} 85. Bd5+ {[%clk 0:01:13]} Kf6 {[%clk 0:01:20]} 86. Be4
{[%clk 0:00:46]} Kf7 {[%clk 0:01:48]} 87. Kf5 {[%clk 0:00:35]} Rf1+
{[%clk 0:01:36]} 88. Kg4 {[%clk 0:01:00]} Re1 {[%clk 0:00:56]} 89. Kf4
{[%clk 0:00:50]} Rf1+ {[%clk 0:00:57]} 90. Kg4 {[%clk 0:00:52]} Re1
{[%clk 0:01:14]} 91. Kf3 {[%clk 0:00:57]} Re3+ {[%clk 0:01:01]} 92. Kf4
{[%clk 0:01:23]} Re1 {[%clk 0:01:15]} 93. Kf5 {[%clk 0:01:07]} Rf1+
{[%clk 0:01:34]} 94. Kg4 {[%clk 0:01:32]} 1/2-1/2

[Event "WCO 2016"]
[Site "?"]
[Date "2016.09.13"]
[Round "11"]
[Board "21"]
[WhiteID "12401226"]
[White "Pham Le Thao Nguyen"]
[BlackID "1004786"]
[Black "Peng Zhaoqin"]
[Result "0-1"]
[BlackElo "2368"]
[WhiteElo "2338"]
[LiveChessVersion "1.4.8"]

1. d4 {[%clk 1:30:48]} d5 {[%clk 1:30:48]} 2. Bf4 {[%clk 1:30:22]} c5
{[%clk 1:28:07]} 3. e3 {[%clk 1:30:21]} Nc6 {[%clk 1:27:17]} 4. c3
{[%clk 1:29:33]} e6 {[%clk 1:27:22]} 5. Nf3 {[%clk 1:28:46]} Bd6 {[%clk 1:26:58]}
6. Bg3 {[%clk 1:27:59]} Nf6 {[%clk 1:22:23]} 7. Nbd2 {[%clk 1:27:22]} O-O
{[%clk 1:22:15]} 8. Bd3 {[%clk 1:24:13]} b6 {[%clk 1:21:05]} 9. Ne5
{[%clk 1:22:39]} Bb7 {[%clk 1:18:21]} 10. f4 {[%clk 1:22:07]} Ne7
{[%clk 1:18:19]} 11. Qb1 {[%clk 1:21:09]} Ng6 {[%clk 1:18:24]} 12. O-O
{[%clk 1:16:38]} a5 {[%clk 1:07:38]} 13. Rf3 {[%clk 0:56:47]} Qc7
{[%clk 0:56:30]} 14. Bf2 {[%clk 0:50:34]} a4 {[%clk 0:47:22]} 15. a3
{[%clk 0:48:30]} Ba6 {[%clk 0:39:24]} 16. Bc2 {[%clk 0:31:33]} Be2
{[%clk 0:33:20]} 17. Rh3 {[%clk 0:28:51]} Rfe8 {[%clk 0:30:27]} 18. Bh4
{[%clk 0:23:51]} cxd4 {[%clk 0:25:06]} 19. cxd4 {[%clk 0:18:12]} Nxh4
{[%clk 0:15:52]} 20. Rxh4 {[%clk 0:18:33]} h6 {[%clk 0:16:17]} 21. Ndf3
{[%clk 0:14:45]} Rec8 {[%clk 0:15:38]} 22. Ne1 {[%clk 0:14:26]} Qb7
{[%clk 0:11:17]} 23. Kf2 {[%clk 0:09:48]} Bb5 {[%clk 0:11:03]} 24. Qd1
{[%clk 0:09:40]} Qe7 {[%clk 0:08:47]} 25. Rh3 {[%clk 0:09:03]} Ne4+
{[%clk 0:08:26]} 26. Kg1 {[%clk 0:08:33]} Be8 {[%clk 0:07:42]} 27. Ng4
{[%clk 0:06:17]} f5 {[%clk 0:06:08]} 28. Nf2 {[%clk 0:05:11]} Ra7
{[%clk 0:05:41]} 29. g4 {[%clk 0:04:00]} Qf6 {[%clk 0:05:41]} 30. Bd3
{[%clk 0:03:03]} g5 {[%clk 0:05:06]} 31. gxf5 {[%clk 0:02:16]} exf5
{[%clk 0:04:48]} 32. Bxe4 {[%clk 0:01:54]} dxe4 {[%clk 0:05:08]} 33. Rg3
{[%clk 0:02:01]} Rg7 {[%clk 0:05:22]} 34. Ng2 {[%clk 0:02:02]} Qe6
{[%clk 0:04:05]} 35. Nh3 {[%clk 0:02:03]} Qb3 {[%clk 0:03:55]} 36. Qe1
{[%clk 0:01:38]} g4 {[%clk 0:03:04]} 37. Nf2 {[%clk 0:01:39]} Rc2
{[%clk 0:03:16]} 38. Nh4 {[%clk 0:01:18]} Bd7 {[%clk 0:03:32]} 39. Nd1
{[%clk 0:01:39]} Be6 {[%clk 0:01:45]} 40. Rg2 {[%clk 0:31:33]} Kh7
{[%clk 0:31:23]} 41. Rxc2 {[%clk 0:29:01]} Qxc2 {[%clk 0:31:48]} 42. Qf2
{[%clk 0:28:48]} Rc7 {[%clk 0:26:40]} 43. Nc3 {[%clk 0:26:32]} Qb3
{[%clk 0:26:48]} 44. Qd2 {[%clk 0:17:54]} Be7 {[%clk 0:24:10]} 45. Ng2
{[%clk 0:17:02]} b5 {[%clk 0:17:42]} 46. Rc1 {[%clk 0:09:29]} b4 {[%clk 0:14:11]}
47. Nb1 {[%clk 0:09:20]} Rc4 {[%clk 0:10:03]} 48. Rxc4 {[%clk 0:07:29]} Bxc4
{[%clk 0:10:29]} 49. axb4 {[%clk 0:07:21]} Bxb4 {[%clk 0:10:30]} 50. Qc1
{[%clk 0:07:31]} Bd3 {[%clk 0:04:09]} 51. Na3 {[%clk 0:06:32]} Be7
{[%clk 0:03:05]} 52. Ne1 {[%clk 0:06:06]} Kg7 {[%clk 0:02:46]} 53. Nac2
{[%clk 0:03:36]} Kf7 {[%clk 0:02:22]} 54. Na1 {[%clk 0:03:05]} Qa2
{[%clk 0:02:21]} 55. Nac2 {[%clk 0:03:24]} h5 {[%clk 0:02:25]} 56. Nxd3
{[%clk 0:01:18]} exd3 {[%clk 0:02:53]} 57. Ne1 {[%clk 0:01:39]} Qb3
{[%clk 0:01:19]} 58. Qd2 {[%clk 0:01:55]} Bb4 {[%clk 0:01:08]} 59. Qxd3
{[%clk 0:02:17]} Bxe1 {[%clk 0:01:13]} 60. Qxf5+ {[%clk 0:02:40]} Ke7
{[%clk 0:01:28]} 61. Qc5+ {[%clk 0:02:04]} Kd7 {[%clk 0:01:32]} 62. d5
{[%clk 0:00:56]} Qb7 {[%clk 0:00:55]} 63. Qd4 {[%clk 0:00:57]} Qb4
{[%clk 0:00:54]} 64. Qg7+ {[%clk 0:01:09]} Kc8 {[%clk 0:00:56]} 65. Qg8+
{[%clk 0:00:52]} Kb7 {[%clk 0:01:12]} 66. Qf7+ {[%clk 0:00:50]} Kb6
{[%clk 0:01:31]} 67. Qe6+ {[%clk 0:01:02]} Ka5 {[%clk 0:01:29]} 68. Qe5
{[%clk 0:00:49]} Bh4 {[%clk 0:01:31]} 69. d6+ {[%clk 0:00:43]} Ka6
{[%clk 0:01:25]} 70. h3 {[%clk 0:00:41]} Qe1+ {[%clk 0:01:39]} 0-1

[Event "WCO 2016"]
[Site "?"]
[Date "2016.09.13"]
[Round "11"]
[Board "22"]
[WhiteID "1017292"]
[White "Haast Anne"]
[BlackID "12401102"]
[Black "Hoang Thi Bao Tram"]
[Result "0-1"]
[BlackElo "2325"]
[WhiteElo "2306"]
[LiveChessVersion "1.4.8"]

1. e4 {[%clk 1:30:56]} c6 {[%clk 1:30:39]} 2. d4 {[%clk 1:29:08]} d5
{[%clk 1:30:50]} 3. e5 {[%clk 1:26:19]} c5 {[%clk 1:30:00]} 4. dxc5
{[%clk 1:24:48]} e6 {[%clk 1:30:07]} 5. a3 {[%clk 1:23:56]} Nd7 {[%clk 1:23:06]}
6. Nf3 {[%clk 1:17:54]} Qc7 {[%clk 1:22:57]} 7. b4 {[%clk 1:07:21]} Nxe5
{[%clk 1:20:21]} 8. Bb2 {[%clk 1:06:13]} Ng6 {[%clk 1:20:36]} 9. Bd3
{[%clk 0:49:32]} Nf6 {[%clk 1:18:27]} 10. O-O {[%clk 0:49:35]} b6
{[%clk 1:16:06]} 11. cxb6 {[%clk 0:46:15]} axb6 {[%clk 1:16:25]} 12. Re1
{[%clk 0:46:11]} Be7 {[%clk 1:14:54]} 13. Nbd2 {[%clk 0:43:26]} O-O
{[%clk 1:14:16]} 14. Ne5 {[%clk 0:41:30]} Bd6 {[%clk 1:10:03]} 15. Ndf3
{[%clk 0:36:41]} Nd7 {[%clk 1:03:59]} 16. Bxg6 {[%clk 0:24:16]} fxg6
{[%clk 0:52:27]} 17. Nd3 {[%clk 0:09:49]} Nf6 {[%clk 0:49:30]} 18. Nfe5
{[%clk 0:10:03]} Ba6 {[%clk 0:45:07]} 19. Bd4 {[%clk 0:10:19]} Rfe8
{[%clk 0:42:17]} 20. h3 {[%clk 0:08:48]} Rac8 {[%clk 0:36:32]} 21. c3
{[%clk 0:08:48]} Ne4 {[%clk 0:35:52]} 22. Rc1 {[%clk 0:04:55]} Bxd3
{[%clk 0:27:51]} 23. Nxd3 {[%clk 0:05:24]} e5 24. Be3 Nxc3 {[%clk 0:24:07]} 25.
Qb3 {[%clk 0:06:22]} e4 {[%clk 0:19:29]} 26. Nc5 {[%clk 0:01:40]} bxc5
{[%clk 0:18:05]} 27. Rxc3 {[%clk 0:02:09]} c4 {[%clk 0:17:49]} 28. Qd1
{[%clk 0:02:39]} Qf7 {[%clk 0:17:31]} 29. Bd4 {[%clk 0:02:36]} Ra8
{[%clk 0:13:48]} 30. Qd2 {[%clk 0:02:03]} Qb7 {[%clk 0:07:00]} 31. Qb2
{[%clk 0:02:00]} Qb5 {[%clk 0:04:56]} 32. Rd1 {[%clk 0:01:50]} Bf4
{[%clk 0:03:55]} 33. g3 {[%clk 0:01:41]} Bg5 {[%clk 0:03:36]} 34. Bxg7
{[%clk 0:00:50]} Kxg7 {[%clk 0:02:47]} 35. Rxc4+ {[%clk 0:01:19]} Kg8
{[%clk 0:02:52]} 36. Rc5 {[%clk 0:01:27]} Qb6 {[%clk 0:01:19]} 37. Rdxd5
{[%clk 0:01:08]} Bf6 {[%clk 0:00:49]} 38. Qb3 {[%clk 0:01:03]} Kh8
{[%clk 0:00:39]} 39. b5 {[%clk 0:01:01]} Qe6 {[%clk 0:00:38]} 40. Rc6
{[%clk 0:31:14]} Qf7 {[%clk 0:30:51]} 41. Rd3 {[%clk 0:21:33]} Qf8
{[%clk 0:25:39]} 42. Rdd6 {[%clk 0:20:25]} Be5 {[%clk 0:25:03]} 43. Re6
{[%clk 0:18:29]} Bd4 {[%clk 0:24:52]} 44. Rc2 {[%clk 0:15:20]} Rxe6
{[%clk 0:15:52]} 45. Qxe6 {[%clk 0:15:33]} e3 {[%clk 0:14:43]} 46. fxe3
{[%clk 0:07:26]} Re8 {[%clk 0:14:54]} 47. Qd5 {[%clk 0:05:08]} Bxe3+
{[%clk 0:15:06]} 48. Kg2 {[%clk 0:05:28]} Qxa3 {[%clk 0:14:18]} 49. Qc6
{[%clk 0:00:51]} Rf8 {[%clk 0:12:22]} 50. Qe4 {[%clk 0:01:19]} Bh6
{[%clk 0:09:22]} 51. b6 {[%clk 0:01:11]} Qe3 {[%clk 0:08:21]} 52. Qxe3
{[%clk 0:00:57]} Bxe3 {[%clk 0:08:44]} 53. b7 {[%clk 0:01:22]} Ba7
{[%clk 0:08:53]} 54. h4 {[%clk 0:01:20]} Kg7 {[%clk 0:08:04]} 55. g4
{[%clk 0:00:44]} Rf7 {[%clk 0:08:09]} 56. Rb2 {[%clk 0:01:04]} Bb8
{[%clk 0:08:32]} 57. Rb4 {[%clk 0:01:00]} Rf4 {[%clk 0:08:11]} 58. Rxf4
{[%clk 0:01:10]} Bxf4 {[%clk 0:08:34]} 59. Kf3 {[%clk 0:01:14]} Bb8
{[%clk 0:08:57]} 60. Ke4 {[%clk 0:01:08]} Kf6 {[%clk 0:09:15]} 61. Kd4
{[%clk 0:01:21]} Ke6 {[%clk 0:09:15]} 62. Ke4 {[%clk 0:01:47]} Kd7
{[%clk 0:08:05]} 63. Kf3 {[%clk 0:00:44]} Kc6 {[%clk 0:07:27]} 64. Ke4
{[%clk 0:01:10]} Bc7 {[%clk 0:07:26]} 65. Kd4 {[%clk 0:01:08]} Bg3
{[%clk 0:07:41]} 66. h5 {[%clk 0:00:59]} Bb8 {[%clk 0:07:35]} 67. Ke4
{[%clk 0:01:07]} Kc5 {[%clk 0:07:52]} 68. Ke3 {[%clk 0:00:51]} Kd5
{[%clk 0:08:13]} 69. Kd3 {[%clk 0:00:44]} Ba7 {[%clk 0:08:28]} 70. g5
{[%clk 0:00:37]} Ke5 {[%clk 0:08:48]} 0-1

[Event "WCO 2016"]
[Site "?"]
[Date "2016.09.13"]
[Round "11"]
[Board "23"]
[WhiteID "12401676"]
[White "Nguyen Thi Mai Hung"]
[BlackID "1005308"]
[Black "Lanchava Tea"]
[Result "1/2-1/2"]
[BlackElo "2258"]
[WhiteElo "2316"]
[LiveChessVersion "1.4.8"]

1. d4 {[%clk 1:30:54]} f5 {[%clk 1:30:51]} 2. Bf4 {[%clk 1:31:05]} Nf6
{[%clk 1:31:00]} 3. e3 {[%clk 1:31:25]} e6 {[%clk 1:31:12]} 4. Nf3
{[%clk 1:31:19]} Be7 {[%clk 1:31:20]} 5. h3 {[%clk 1:29:14]} O-O {[%clk 1:31:01]}
6. c4 {[%clk 1:29:02]} d6 {[%clk 1:29:56]} 7. Nc3 {[%clk 1:28:22]} b6
{[%clk 1:29:51]} 8. Bd3 {[%clk 1:28:16]} Bb7 {[%clk 1:30:13]} 9. O-O
{[%clk 1:24:02]} Ne4 {[%clk 1:30:14]} 10. Rc1 {[%clk 1:23:16]} Nd7
{[%clk 1:29:38]} 11. Bxe4 {[%clk 1:17:44]} fxe4 {[%clk 1:29:31]} 12. Nd2
{[%clk 1:18:09]} Nf6 {[%clk 1:27:06]} 13. d5 {[%clk 1:16:29]} exd5
{[%clk 1:17:10]} 14. cxd5 {[%clk 1:09:06]} Ba6 {[%clk 1:17:31]} 15. Re1
{[%clk 1:08:29]} Bd3 {[%clk 1:15:23]} 16. Qa4 {[%clk 1:07:48]} Nh5
{[%clk 1:07:58]} 17. Bh2 {[%clk 1:03:10]} b5 {[%clk 1:04:07]} 18. Qd1
{[%clk 0:54:46]} Nf6 {[%clk 1:02:23]} 19. f3 {[%clk 0:54:08]} Qe8
{[%clk 0:39:45]} 20. Ndxe4 {[%clk 0:47:29]} Bxe4 {[%clk 0:36:47]} 21. fxe4
{[%clk 0:32:42]} b4 {[%clk 0:36:49]} 22. Ne2 {[%clk 0:33:03]} Nxe4
{[%clk 0:35:27]} 23. Rf1 {[%clk 0:28:40]} Rxf1+ {[%clk 0:28:42]} 24. Qxf1
{[%clk 0:28:51]} Nc5 {[%clk 0:28:48]} 25. b3 {[%clk 0:19:41]} Bg5
{[%clk 0:27:41]} 26. Bf4 {[%clk 0:19:10]} Bxf4 {[%clk 0:27:57]} 27. exf4
{[%clk 0:19:34]} Qe3+ {[%clk 0:23:15]} 28. Kh2 {[%clk 0:19:36]} Re8
{[%clk 0:22:43]} 29. Ng3 {[%clk 0:17:23]} Qd2 {[%clk 0:16:00]} 30. Qc4
{[%clk 0:13:29]} Rf8 {[%clk 0:12:24]} 31. Rf1 {[%clk 0:07:44]} Qxa2
{[%clk 0:10:24]} 32. Rf3 {[%clk 0:05:49]} a5 {[%clk 0:10:31]} 33. Ne4
{[%clk 0:04:29]} Nxe4 {[%clk 0:05:15]} 34. Qxe4 {[%clk 0:04:54]} Qd2
{[%clk 0:04:41]} 35. f5 {[%clk 0:03:14]} Qg5 {[%clk 0:04:46]} 36. Qe6+
{[%clk 0:02:50]} Kh8 {[%clk 0:04:39]} 37. Qd7 {[%clk 0:02:38]} Qd8
{[%clk 0:04:59]} 38. Qb5 {[%clk 0:02:52]} Qe8 {[%clk 0:02:46]} 39. Qxa5
{[%clk 0:03:07]} Qe5+ {[%clk 0:03:11]} 40. Kh1 {[%clk 0:33:30]} Qe1+
{[%clk 0:33:16]} 41. Kh2 {[%clk 0:33:57]} Qe5+ {[%clk 0:26:04]} 1/2-1/2

[Event "WCO 2016"]
[Site "?"]
[Date "2016.09.13"]
[Round "11"]
[Board "24"]
[WhiteID "1033689"]
[White "Kazarian Anna-Maja"]
[BlackID "12400300"]
[Black "Nguyen Thi Thanh An"]
[Result "0-1"]
[BlackElo "2249"]
[WhiteElo "2231"]
[LiveChessVersion "1.4.8"]

1. e4 {[%clk 1:30:58]} c5 {[%clk 1:30:52]} 2. Nf3 {[%clk 1:31:24]} d6
{[%clk 1:31:17]} 3. d4 {[%clk 1:31:51]} cxd4 {[%clk 1:31:40]} 4. Nxd4
{[%clk 1:32:18]} Nf6 {[%clk 1:32:04]} 5. Nc3 {[%clk 1:32:44]} a6 {[%clk 1:32:29]}
6. g3 {[%clk 1:32:57]} e6 {[%clk 1:32:49]} 7. Bg2 {[%clk 1:32:46]} Be7
{[%clk 1:33:08]} 8. O-O {[%clk 1:32:51]} Qc7 {[%clk 1:33:22]} 9. Qd2
{[%clk 1:27:29]} O-O {[%clk 1:31:22]} 10. b3 {[%clk 1:27:14]} Nc6
{[%clk 1:29:53]} 11. Bb2 {[%clk 1:11:36]} Bd7 {[%clk 1:25:54]} 12. a4
{[%clk 1:09:12]} Rac8 {[%clk 1:25:46]} 13. Kh1 {[%clk 1:09:03]} Rfd8
{[%clk 1:21:51]} 14. f4 {[%clk 1:08:26]} Be8 {[%clk 1:15:14]} 15. f5
{[%clk 0:58:09]} e5 {[%clk 1:06:37]} 16. Nde2 {[%clk 0:58:27]} Nb4
{[%clk 1:06:43]} 17. Rad1 {[%clk 0:27:11]} d5 {[%clk 1:00:36]} 18. exd5
{[%clk 0:27:25]} Nbxd5 {[%clk 0:58:28]} 19. Nxd5 {[%clk 0:22:59]} Nxd5
{[%clk 0:58:34]} 20. Qc1 {[%clk 0:21:30]} Bc6 {[%clk 0:46:22]} 21. c4
{[%clk 0:20:52]} Nb4 {[%clk 0:43:34]} 22. Qe3 {[%clk 0:17:22]} Nc2
{[%clk 0:40:11]} 23. Rxd8+ {[%clk 0:14:52]} Rxd8 {[%clk 0:40:29]} 24. Qc3
{[%clk 0:14:05]} Bxg2+ {[%clk 0:40:46]} 25. Kxg2 {[%clk 0:14:33]} Qc6+
{[%clk 0:41:09]} 26. Rf3 {[%clk 0:14:48]} Qe4 {[%clk 0:38:11]} 27. Qxe5
{[%clk 0:01:28]} Ne1+ {[%clk 0:37:07]} 28. Kf2 {[%clk 0:01:41]} Qxe5
{[%clk 0:33:44]} 29. Bxe5 {[%clk 0:02:05]} Nxf3 {[%clk 0:34:09]} 30. Kxf3
{[%clk 0:02:31]} Rd3+ {[%clk 0:34:31]} 31. Ke4 {[%clk 0:02:25]} Rxb3
{[%clk 0:34:49]} 32. Nf4 {[%clk 0:02:25]} Ra3 {[%clk 0:30:22]} 33. Nd5
{[%clk 0:01:57]} Bd8 {[%clk 0:30:38]} 34. Bb2 {[%clk 0:00:58]} Ra2
{[%clk 0:29:54]} 35. Bc3 {[%clk 0:01:02]} Rxa4 {[%clk 0:29:37]} 36. Kd3
{[%clk 0:00:43]} Ra2 {[%clk 0:29:48]} 37. Bd2 {[%clk 0:00:49]} Ra1
{[%clk 0:27:59]} 38. Ke4 {[%clk 0:00:38]} Rg1 {[%clk 0:26:47]} 39. Bf4
{[%clk 0:00:34]} a5 {[%clk 0:25:04]} 40. Ke5 {[%clk 0:30:35]} a4 {[%clk 0:55:06]}
41. Be3 {[%clk 0:23:00]} Re1 {[%clk 0:53:47]} 42. Kd6 {[%clk 0:22:28]} a3
{[%clk 0:53:32]} 43. Kd7 {[%clk 0:19:54]} a2 {[%clk 0:53:16]} 44. Bd4
{[%clk 0:20:10]} Rd1 {[%clk 0:52:09]} 45. Be5 {[%clk 0:18:27]} Bf6
{[%clk 0:52:16]} 0-1

[Event "WCO 2016"]
[Site "?"]
[Date "2016.09.13"]
[Round "11"]
[Board "1"]
[WhiteID "14100126"]
[White "Shvayger Yuliya"]
[BlackID "4900782"]
[Black "Nomin-Erdene Davaademberel"]
[Result "1/2-1/2"]
[BlackElo "2422"]
[WhiteElo "2408"]
[LiveChessVersion "1.4.8"]

1. e4 {[%clk 1:30:58]} c6 {[%clk 1:30:55]} 2. d4 {[%clk 1:31:20]} d5
{[%clk 1:31:20]} 3. e5 {[%clk 1:31:24]} Bf5 {[%clk 1:31:43]} 4. Nf3
{[%clk 1:31:32]} e6 {[%clk 1:32:06]} 5. Be2 {[%clk 1:31:45]} c5 {[%clk 1:32:06]}
6. Be3 {[%clk 1:31:39]} Qb6 {[%clk 1:32:04]} 7. c4 {[%clk 1:30:16]} Qxb2
{[%clk 1:26:44]} 8. O-O {[%clk 1:30:18]} Ne7 {[%clk 1:21:32]} 9. Nbd2
{[%clk 1:30:20]} Nbc6 {[%clk 1:21:06]} 10. Nb3 {[%clk 1:13:43]} dxc4
{[%clk 1:00:14]} 11. Bxc4 {[%clk 1:06:24]} Rd8 {[%clk 1:00:32]} 12. Nxc5
{[%clk 1:05:28]} Nd5 {[%clk 0:59:53]} 13. Bg5 {[%clk 0:52:45]} Rb8
{[%clk 0:41:05]} 14. Nd3 {[%clk 0:35:40]} Bxd3 {[%clk 0:32:37]} 15. Qxd3
{[%clk 0:35:48]} Qc3 {[%clk 0:25:10]} 16. Qxc3 {[%clk 0:29:37]} Nxc3
{[%clk 0:25:35]} 17. Rfc1 {[%clk 0:29:54]} Nd5 {[%clk 0:24:11]} 18. Bxd5
{[%clk 0:27:41]} exd5 {[%clk 0:24:34]} 19. Rab1 {[%clk 0:28:09]} Kd7
{[%clk 0:18:13]} 20. Rb5 {[%clk 0:28:17]} a6 {[%clk 0:17:39]} 21. Rb6
{[%clk 0:24:51]} Be7 {[%clk 0:14:21]} 22. Bf4 {[%clk 0:23:41]} Ke6
{[%clk 0:13:57]} 23. Rcb1 {[%clk 0:21:31]} Rhc8 {[%clk 0:07:58]} 24. g4
{[%clk 0:21:13]} Bd8 {[%clk 0:06:47]} 25. Rxb7 {[%clk 0:20:52]} Rxb7
{[%clk 0:07:14]} 26. Rxb7 {[%clk 0:21:15]} Rb8 {[%clk 0:06:39]} 27. Rxb8
{[%clk 0:21:34]} Nxb8 {[%clk 0:07:05]} 28. Nd2 {[%clk 0:16:33]} Nc6
{[%clk 0:06:27]} 29. Nb3 {[%clk 0:16:48]} Bb6 {[%clk 0:06:40]} 30. Be3
{[%clk 0:17:07]} f6 {[%clk 0:02:27]} 31. exf6 {[%clk 0:17:28]} Kxf6
{[%clk 0:02:47]} 32. Kf1 {[%clk 0:14:18]} Ke6 {[%clk 0:02:56]} 33. Ke2
{[%clk 0:14:31]} Kf6 {[%clk 0:02:16]} 34. h4 {[%clk 0:13:55]} g6 {[%clk 0:01:33]}
35. f3 {[%clk 0:10:07]} Kf7 {[%clk 0:01:44]} 36. Bf2 {[%clk 0:10:20]} Ba7
{[%clk 0:01:55]} 37. a3 {[%clk 0:09:28]} Bb6 {[%clk 0:01:49]} 38. Be3
{[%clk 0:09:28]} Ba7 {[%clk 0:01:31]} 39. Kd3 {[%clk 0:09:21]} Bb6
{[%clk 0:01:27]} 40. Ke2 {[%clk 0:33:41]} Ba7 {[%clk 0:30:49]} 41. Kd3
{[%clk 0:27:27]} Bb6 {[%clk 0:26:32]} 42. Bd2 {[%clk 0:27:03]} Kf6
{[%clk 0:21:15]} 43. Be3 {[%clk 0:27:19]} 1/2-1/2